000 01281cab a2200217 4500
001 ABS40266
008 090401t1989 xxu||||| |||| 00| 0 eng d
035 _a(Sirsi) u22656
041 _aeng
100 _aDavies, R.
245 _aIssues in retail planning within the United Kingdom
260 _c1989
350 _a0
490 _aBuilt Environment
_v14(1) 1989, 7-21(15)
520 _aExamines development in retail planning since the 1970s to the present day, highlighting factors which have influenced certain trends. In particular the authors look at the Government`s role in determining development with, for example, the creation of Enterprise Zones , abolition of the Metropolitan Counties and pressures placed on the countryside. Also identifies how the market has responded to retailing in the 1980s with the development of out-of-town superstores, shopping centres and retail warehouses and looks at changes in high street shopping. Includes a table of prospective regional scale shopping centres in the UK of more than 400,000 square feet, and concludes with a summary of the main issues discussed in the article.
650 _aREGIONAL SHOPPING CENTRES
690 _aPLANNING LAW AND PRACTICE
700 _aHoward, E.
942 _n0
948 _c04/03/1997
999 _c15186
_d15186